| 000 | 00340nam a22001457a 4500 | ||
|---|---|---|---|
| 020 | _a978-80-86-715-364-4 | ||
| 082 | _a617.601 | ||
| 100 | _aAXELSSON,PER | ||
| 245 | _aPREVENTIVE MATERIALS METHODS AND PROGRAMS | ||
| 250 | _a1ST | ||
| 260 |
_aCHICAGO _bQUINTESSENCE PUBLICATION _c2004 |
||
| 300 | _a651 | ||
| 650 | _aPCD | ||
| 942 |
_2ddc _cBK |
||
| 999 |
_c9819 _d9819 |
||